Sleisenger and Fordtran's Gastrointestinal and Liver Disease / (Record no. 36011)
[ view plain ]
| 000 -LEADER | |
|---|---|
| fixed length control field | 00643nam a22002057a 4500 |
| 005 - DATE AND TIME OF LATEST TRANSACTION | |
| control field | 20240702110103.0 |
| 008 - FIXED-LENGTH DATA ELEMENTS--GENERAL INFORMATION | |
| fixed length control field | 240702b |||||||| |||| 00| 0 eng d |
| 020 ## - INTERNATIONAL STANDARD BOOK NUMBER | |
| ISBN | 9781455746927 |
| 082 ## - DEWEY DECIMAL CLASSIFICATION NUMBER | |
| Classification number | 616.33 |
| Item number | FEL-S |
| 100 ## - MAIN ENTRY--AUTHOR | |
| Author Name | Feldman Mark MD. |
| 245 ## - TITLE STATEMENT | |
| Title | Sleisenger and Fordtran's Gastrointestinal and Liver Disease / |
| Statement of responsibility, etc. | Feldman Mark MD, lawrence S Friedman, Lawrence J Brandt MD |
| 250 ## - EDITION STATEMENT | |
| Edition statement | 10th ed. |
| 260 ## - PUBLICATION, DISTRIBUTION, ETC. | |
| Place of Publication | America; |
| Name of publisher, distributor, etc. | Elsevier ; |
| Date of publication, distribution, etc. | 2016 |
| 300 ## - PHYSICAL DESCRIPTION | |
| Pages | xxi,791p. |
| 500 ## - GENERAL NOTE | |
| General note | include index . |
| 650 ## - SUBJECT ADDED ENTRY--TOPICAL TERM | |
| Subject / Department | Medical / Pathology |
| 700 ## - ADDED ENTRY--PERSONAL NAME | |
| Personal name | Lawrence S Friedman, |
| 700 ## - ADDED ENTRY--PERSONAL NAME | |
| Personal name | Lawrence J Brandt MD |
| 300 ## - PHYSICAL DESCRIPTION | |
| -- | ill; |
| -- | 27 cm. |
| 952 ## - LOCATION AND ITEM INFORMATION (KOHA) | |
| -- | 0 |
| -- | 0 |
| 952 ## - LOCATION AND ITEM INFORMATION (KOHA) | |
| -- | 0 |
| -- | 0 |
| 952 ## - LOCATION AND ITEM INFORMATION (KOHA) | |
| -- | 0 |
| -- | 0 |
| 952 ## - LOCATION AND ITEM INFORMATION (KOHA) | |
| -- | 0 |
| -- | 0 |
| 952 ## - LOCATION AND ITEM INFORMATION (KOHA) | |
| -- | 0 |
| -- | 0 |
| 952 ## - LOCATION AND ITEM INFORMATION (KOHA) | |
| -- | 0 |
| -- | 0 |
| Lost status | Damaged status | Collection code | Permanent Location | Current Location | Shelving Location | Date acquired | Full Call Number | Accession No./Barcode | Date last seen | Copy number | item type | Koha item type |
|---|---|---|---|---|---|---|---|---|---|---|---|---|
| Medical | Superior Information Resource Center (SIRC) Superior University- Main Campus | Superior Information Resource Center (SIRC) Superior University- Main Campus | Pathology | 07/02/2024 | 616.33 FEL-S 2016 | 13295 | 07/02/2024 | 1 | BOOK | BOOK | ||
| Medical | Superior Information Resource Center (SIRC) Superior University- Main Campus | Superior Information Resource Center (SIRC) Superior University- Main Campus | Pathology | 07/02/2024 | 616.33 FEL-S 2016 | 13296 | 07/02/2024 | 2 | BOOK | BOOK | ||
| Medical | Superior Information Resource Center (SIRC) Superior University- Main Campus | Superior Information Resource Center (SIRC) Superior University- Main Campus | Pathology | 07/02/2024 | 616.33 FEL-S 2016 | 13297 | 07/02/2024 | 3 | BOOK | BOOK | ||
| Medical | Superior Information Resource Center (SIRC) Superior University- Main Campus | Superior Information Resource Center (SIRC) Superior University- Main Campus | Pathology | 07/02/2024 | 616.33 FEL-S 2016 | 13298 | 07/02/2024 | 4 | BOOK | BOOK | ||
| Medical | Superior Information Resource Center (SIRC) Superior University- Main Campus | Superior Information Resource Center (SIRC) Superior University- Main Campus | Pathology | 07/02/2024 | 616.33 FEL-S 2016 | 13299 | 07/02/2024 | 5 | BOOK | BOOK | ||
| Medical | Superior Information Resource Center (SIRC) Superior University- Main Campus | Superior Information Resource Center (SIRC) Superior University- Main Campus | Pathology | 07/02/2024 | 616.33 FEL-S 2016 | 13300 | 07/02/2024 | 6 | BOOK | BOOK |
